| 000 | 00568nam a2200229Ia 4500 | ||
|---|---|---|---|
| 008 | 181129s9999 xx 000 0 und d | ||
| 020 | _a9780142418475 | ||
| 050 | _bG796 2010 | ||
| 100 | _aGreen, John | ||
| 245 | 0 | _aWill Grayson, Will Grayson / | |
| 245 | 0 | _cby John Green and David Levithan. | |
| 260 | _aNew York, NY : | ||
| 260 | _bSpeak, | ||
| 260 | _c2010 | ||
| 300 | _a310 pages : | ||
| 300 | _billustrations ; | ||
| 300 | _c20cm. | ||
| 650 | _aHomosexuality. | ||
| 650 | _aName, Personal. | ||
| 650 | _aOverweight persons. | ||
| 700 | _aTitle. | ||
| 999 |
_c360151 _d360151 |
||